000 00654nam a2200277Ia 4500
005 20260324125359.0
008 008 260324s9999 xx 000 0 eng d
020 _a9781003554288
037 _aEBOOK
040 _aCRL
040 _beng
040 _cCRL
041 _2eng
041 _aeng
084 _qCRL
100 _aJohn Wortley
_91177768
245 0 _aStudies on the Cult of Relics in Byzantium up to 1204
260 _bTaylor and Francis
260 _c2009
365 _a
365 _b230
856 _uhttp://www.taylorfrancis.com/books/9781003554288
942 _cEBOOK
999 _c1772954
_d1772954